QUANTITATIVE APTITUDE (Record no. 34407)

MARC details
000 -LEADER
fixed length control field 00253nam a22001217a 4500
003 - CONTROL NUMBER IDENTIFIER
control field SGT
082 ## - DEWEY DECIMAL CLASSIFICATION NUMBER
Classification number 510,AGG
100 ## - MAIN ENTRY--PERSONAL NAME
Personal name AGGARWAL R.S.
245 ## - TITLE STATEMENT
Title QUANTITATIVE APTITUDE
260 ## - PUBLICATION, DISTRIBUTION, ETC. (IMPRINT)
Name of publisher, distributor, etc S. CHAD COPMPANY
Year of Publication 2006
300 ## - PAGE DESCRIPTION
No. of Pages 700
942 ## - ADDED ENTRY ELEMENTS (KOHA)
Source of classification or shelving scheme Dewey Decimal Classification
Koha item type Gifted Books
Holdings
Withdrawn status Lost status Source of classification or shelving scheme Damaged status Not for loan Collection code Home library Current library Shelving location Date acquired Vendor Name Cost, normal purchase price SGTU Total Checkouts Full call number Accession No. (Barcode) Date last seen Bill Date Koha item type
    Dewey Decimal Classification     ENGINEERING SGT Engineering Library SGT Engineering Library Text Book 18/03/2026 GIFTED 345.00 SGTU   510,AGG FE9531 18/03/2026 18/03/2026 Gifted Books